[Event "World Chess Olympiad 2018"]
[Site "Batumi"]
[Date "2018.09.25"]
[Round "2"]
[Board "1"]
[WhiteFideId "4402669"]
[White "Gallego Alcaraz Andres Felipe"]
[BlackFideId "8603820"]
[Black "Yu Yangyi"]
[Result "0-1"]
[LiveChessVersion "1.4.8"]
[BlackElo "2765"]
[WhiteElo "2511"]

1. d4 {[%clk 1:30:56]} d5 {[%clk 1:30:43]} 2. c4 {[%clk 1:31:14]} c6
{[%clk 1:31:02]} 3. Nf3 {[%clk 1:31:33]} Nf6 {[%clk 1:31:22]} 4. Nc3
{[%clk 1:31:48]} e6 {[%clk 1:31:26]} 5. Bg5 {[%clk 1:28:01]} h6 {[%clk 1:29:13]}
6. Bxf6 {[%clk 1:28:31]} Qxf6 {[%clk 1:29:34]} 7. Qb3 {[%clk 1:27:45]} Nd7
{[%clk 1:20:03]} 8. e4 {[%clk 1:26:36]} dxe4 {[%clk 1:20:14]} 9. Nxe4
{[%clk 1:26:56]} Qf5 {[%clk 1:20:36]} 10. Bd3 {[%clk 1:24:43]} Qa5+
{[%clk 1:20:53]} 11. Nc3 {[%clk 1:20:09]} e5 {[%clk 1:20:09]} 12. O-O
{[%clk 1:16:05]} exd4 {[%clk 1:19:13]} 13. Rfe1+ {[%clk 1:12:17]} Be7
{[%clk 1:17:22]} 14. Nxd4 {[%clk 1:08:36]} Nc5 {[%clk 1:17:03]} 15. Qc2
{[%clk 1:08:28]} Qd8 {[%clk 1:13:05]} 16. Qe2 {[%clk 1:01:34]} O-O
{[%clk 0:53:18]} 17. Rad1 {[%clk 0:57:17]} Bf6 {[%clk 0:52:38]} 18. Nb3
{[%clk 0:47:21]} Nxd3 {[%clk 0:50:37]} 19. Rxd3 {[%clk 0:47:26]} Qc7
{[%clk 0:50:30]} 20. Ne4 {[%clk 0:42:39]} Be7 {[%clk 0:39:27]} 21. Qh5
{[%clk 0:28:05]} Qf4 {[%clk 0:34:46]} 22. Ng3 {[%clk 0:21:39]} Bg4
{[%clk 0:29:35]} 23. Qa5 {[%clk 0:19:59]} Bd8 {[%clk 0:26:21]} 24. Qc3
{[%clk 0:10:54]} Bf6 {[%clk 0:24:29]} 25. Qd2 {[%clk 0:08:40]} Qxd2
{[%clk 0:22:39]} 26. Rxd2 {[%clk 0:08:59]} Rfe8 {[%clk 0:22:13]} 27. Rxe8+
{[%clk 0:07:11]} Rxe8 {[%clk 0:22:39]} 28. f3 {[%clk 0:07:11]} Be6
{[%clk 0:18:08]} 29. Rc2 {[%clk 0:03:46]} b6 {[%clk 0:16:14]} 30. Ne4
{[%clk 0:03:20]} Be5 {[%clk 0:16:40]} 31. Nc1 {[%clk 0:01:32]} Rd8
{[%clk 0:16:09]} 32. g3 {[%clk 0:00:51]} Bxb2 {[%clk 0:15:52]} 33. Ne2
{[%clk 0:00:35]} Be5 {[%clk 0:14:54]} 34. Kf2 {[%clk 0:00:42]} Rd3
{[%clk 0:14:00]} 35. f4 {[%clk 0:00:35]} Ba1 {[%clk 0:13:04]} 36. Rc1
{[%clk 0:00:32]} Bd4+ {[%clk 0:12:43]} 37. Ke1 {[%clk 0:00:36]} Re3
{[%clk 0:09:24]} 38. Nf2 {[%clk 0:00:46]} Bc5 {[%clk 0:09:41]} 39. Nd1
{[%clk 0:00:31]} Re4 {[%clk 0:08:37]} 40. Nb2 {[%clk 0:30:33]} Ba3
{[%clk 0:38:53]} 0-1

[Event "World Chess Olympiad 2018"]
[Site "Batumi"]
[Date "2018.09.25"]
[Round "2"]
[Board "3"]
[WhiteFideId "4403304"]
[White "Sanchez Sebastian Felipe"]
[BlackFideId "8601445"]
[Black "Bu Xiangzhi"]
[Result "1/2-1/2"]
[LiveChessVersion "1.4.8"]
[BlackElo "2712"]
[WhiteElo "2424"]

1. d4 {[%clk 1:30:58]} d5 {[%clk 1:30:42]} 2. c4 {[%clk 1:31:23]} c6
{[%clk 1:30:26]} 3. Nf3 {[%clk 1:31:48]} Nf6 {[%clk 1:30:31]} 4. e3
{[%clk 1:32:10]} Bf5 {[%clk 1:29:08]} 5. Nc3 {[%clk 1:32:34]} e6 {[%clk 1:29:33]}
6. Nh4 {[%clk 1:33:00]} Bg6 {[%clk 1:28:50]} 7. Be2 {[%clk 1:33:24]} Nbd7
{[%clk 1:29:09]} 8. O-O {[%clk 1:33:46]} Bd6 {[%clk 1:29:22]} 9. g3
{[%clk 1:33:32]} O-O {[%clk 1:28:57]} 10. Nxg6 {[%clk 1:33:43]} hxg6
{[%clk 1:29:23]} 11. Qb3 {[%clk 1:34:08]} Rb8 {[%clk 1:27:41]} 12. Rd1
{[%clk 1:32:42]} Qe7 {[%clk 1:21:53]} 13. Qc2 {[%clk 1:33:05]} Rbc8
{[%clk 1:15:26]} 14. Bd2 {[%clk 1:33:28]} dxc4 {[%clk 1:02:01]} 15. Bxc4
{[%clk 1:31:40]} a6 {[%clk 1:02:21]} 16. Rac1 {[%clk 1:28:45]} b5
{[%clk 0:59:18]} 17. Bf1 {[%clk 1:28:54]} c5 {[%clk 0:58:54]} 18. dxc5
{[%clk 1:29:13]} Rxc5 {[%clk 0:54:04]} 19. Qb1 {[%clk 1:22:11]} Ne5
{[%clk 0:53:27]} 20. Bg2 {[%clk 1:20:25]} Rfc8 {[%clk 0:53:39]} 21. Ne2
{[%clk 1:09:48]} Rxc1 {[%clk 0:49:08]} 22. Rxc1 {[%clk 1:08:28]} Rxc1+
{[%clk 0:49:21]} 23. Qxc1 {[%clk 1:08:26]} Bb4 {[%clk 0:46:22]} 24. Nd4
{[%clk 0:55:41]} Bxd2 {[%clk 0:40:34]} 25. Qxd2 {[%clk 0:55:46]} Nc4
{[%clk 0:39:44]} 26. Qc1 {[%clk 0:50:55]} e5 {[%clk 0:39:57]} 27. Nc6
{[%clk 0:49:56]} Qd6 {[%clk 0:39:12]} 28. a4 {[%clk 0:46:01]} Kh7
{[%clk 0:35:16]} 29. axb5 {[%clk 0:39:11]} axb5 {[%clk 0:35:43]} 30. b3
{[%clk 0:38:52]} Nb6 {[%clk 0:34:49]} 31. Qf1 {[%clk 0:30:36]} b4
{[%clk 0:24:36]} 32. Qb5 {[%clk 0:30:25]} Nbd5 {[%clk 0:24:47]} 33. Bxd5
{[%clk 0:28:31]} 1/2-1/2

[Event "World Chess Olympiad 2018"]
[Site "Batumi"]
[Date "2018.09.25"]
[Round "2"]
[Board "4"]
[WhiteFideId "8604436"]
[White "Li Chao b"]
[BlackFideId "4404025"]
[Black "Martinez Romero Martin"]
[Result "1-0"]
[LiveChessVersion "1.4.8"]
[BlackElo "2438"]
[WhiteElo "2708"]

1. d4 {[%clk 1:30:25]} Nf6 {[%clk 1:30:41]} 2. Nf3 {[%clk 1:30:47]} g6
{[%clk 1:30:05]} 3. g3 {[%clk 1:31:09]} Bg7 {[%clk 1:30:04]} 4. Bg2
{[%clk 1:31:32]} O-O {[%clk 1:30:26]} 5. O-O {[%clk 1:31:56]} d6 {[%clk 1:30:48]}
6. b3 {[%clk 1:32:14]} e5 {[%clk 1:24:34]} 7. dxe5 {[%clk 1:26:27]} dxe5
{[%clk 1:24:45]} 8. Ba3 {[%clk 1:26:30]} Qxd1 {[%clk 1:22:35]} 9. Rxd1
{[%clk 1:26:53]} Re8 {[%clk 1:22:51]} 10. Nc3 {[%clk 1:18:40]} Bd7
{[%clk 1:16:28]} 11. Nxe5 {[%clk 0:52:03]} Rxe5 {[%clk 1:16:24]} 12. Bxb7
{[%clk 0:52:27]} Bc6 {[%clk 1:15:33]} 13. Bxa8 {[%clk 0:52:49]} Bxa8
{[%clk 1:15:56]} 14. Nb5 {[%clk 0:53:08]} Nbd7 {[%clk 0:51:27]} 15. Nxc7
{[%clk 0:50:45]} Bb7 {[%clk 0:45:46]} 16. Rd2 {[%clk 0:48:31]} Bf8
{[%clk 0:34:22]} 17. Bxf8 {[%clk 0:46:23]} Kxf8 {[%clk 0:34:47]} 18. c4
{[%clk 0:46:25]} a6 {[%clk 0:35:01]} 19. Rad1 {[%clk 0:46:20]} Ke7
{[%clk 0:34:58]} 20. b4 {[%clk 0:31:44]} Re4 {[%clk 0:30:35]} 21. Rc2
{[%clk 0:29:44]} Kd8 {[%clk 0:30:00]} 22. f3 {[%clk 0:29:48]} Re5
{[%clk 0:29:45]} 23. Nd5 {[%clk 0:29:58]} Nxd5 {[%clk 0:21:41]} 24. cxd5
{[%clk 0:30:22]} Rxd5 {[%clk 0:22:01]} 25. Rxd5 {[%clk 0:30:46]} Bxd5
{[%clk 0:22:27]} 26. e4 {[%clk 0:31:09]} Be6 {[%clk 0:21:28]} 27. Kf2
{[%clk 0:23:53]} Ne5 {[%clk 0:21:16]} 28. Ke3 {[%clk 0:23:31]} Kd7
{[%clk 0:21:32]} 29. f4 {[%clk 0:20:48]} Nc6 {[%clk 0:21:11]} 30. a3
{[%clk 0:20:50]} Kc7 {[%clk 0:20:14]} 31. Rc5 {[%clk 0:19:02]} Kb6
{[%clk 0:20:21]} 32. f5 {[%clk 0:18:44]} Bd7 {[%clk 0:20:47]} 33. Rd5
{[%clk 0:18:05]} Kc7 {[%clk 0:20:26]} 34. g4 {[%clk 0:16:06]} f6 {[%clk 0:14:08]}
35. g5 {[%clk 0:14:30]} fxg5 {[%clk 0:13:05]} 36. f6 {[%clk 0:14:42]} Be6
{[%clk 0:13:06]} 37. Rxg5 {[%clk 0:15:04]} Kd6 {[%clk 0:13:19]} 38. b5
{[%clk 0:13:56]} axb5 {[%clk 0:11:34]} 39. Rxb5 {[%clk 0:14:06]} 1-0

[Event "World Chess Olympiad 2018"]
[Site "Batumi"]
[Date "2018.09.25"]
[Round "2"]
[Board "2"]
[WhiteFideId "200778"]
[White "Docx Stefan"]
[BlackFideId "410608"]
[Black "Howell David W L"]
[Result "0-1"]
[LiveChessVersion "1.4.8"]
[BlackElo "2689"]
[WhiteElo "2427"]

1. d4 {[%clk 1:30:54]} Nf6 {[%clk 1:30:39]} 2. c4 {[%clk 1:31:09]} g6
{[%clk 1:30:02]} 3. Nc3 {[%clk 1:31:19]} d5 {[%clk 1:30:27]} 4. Nf3
{[%clk 1:30:58]} Bg7 {[%clk 1:30:50]} 5. cxd5 {[%clk 1:30:43]} Nxd5
{[%clk 1:31:14]} 6. e4 {[%clk 1:31:07]} Nxc3 {[%clk 1:31:34]} 7. bxc3
{[%clk 1:31:31]} c5 {[%clk 1:31:57]} 8. Be3 {[%clk 1:30:32]} Qa5 {[%clk 1:29:09]}
9. Qd2 {[%clk 1:30:48]} Nc6 {[%clk 1:29:11]} 10. Rb1 {[%clk 1:29:46]} a6
{[%clk 1:29:30]} 11. Rc1 {[%clk 1:29:57]} cxd4 {[%clk 1:29:54]} 12. cxd4
{[%clk 1:30:21]} Qxd2+ {[%clk 1:30:18]} 13. Kxd2 {[%clk 1:30:44]} e6
{[%clk 1:30:42]} 14. Bd3 {[%clk 1:30:56]} Bd7 {[%clk 1:11:18]} 15. Rc4
{[%clk 1:25:47]} O-O {[%clk 0:54:18]} 16. h4 {[%clk 1:23:33]} h6 {[%clk 0:40:14]}
17. e5 {[%clk 0:57:38]} Rfc8 {[%clk 0:40:15]} 18. Rhc1 {[%clk 0:48:11]} b5
{[%clk 0:33:27]} 19. R4c2 {[%clk 0:47:25]} Nb4 {[%clk 0:33:40]} 20. Be4
{[%clk 0:40:19]} Nxc2 {[%clk 0:06:23]} 21. Bxa8 {[%clk 0:40:31]} Rxa8
{[%clk 0:06:49]} 22. Rxc2 {[%clk 0:40:47]} Rc8 {[%clk 0:07:05]} 23. Ne1
{[%clk 0:39:33]} Rxc2+ {[%clk 0:06:55]} 24. Kxc2 {[%clk 0:38:48]} Bc6
{[%clk 0:07:17]} 25. f3 {[%clk 0:38:30]} Bd5 {[%clk 0:04:14]} 26. a3
{[%clk 0:38:14]} Bf8 {[%clk 0:02:36]} 27. Kb2 {[%clk 0:37:26]} Kg7
{[%clk 0:00:46]} 28. Bd2 {[%clk 0:37:28]} Be7 {[%clk 0:01:06]} 29. g3
{[%clk 0:37:36]} g5 {[%clk 0:01:06]} 30. hxg5 {[%clk 0:37:49]} hxg5
{[%clk 0:00:34]} 31. g4 {[%clk 0:36:51]} Kg6 {[%clk 0:00:37]} 32. Bb4
{[%clk 0:35:56]} Bd8 {[%clk 0:01:05]} 33. Kc3 {[%clk 0:36:07]} f6
{[%clk 0:00:42]} 34. Bc5 {[%clk 0:31:06]} Ba5+ {[%clk 0:00:35]} 35. Bb4
{[%clk 0:31:31]} Bc7 {[%clk 0:00:46]} 36. Bd6 {[%clk 0:31:34]} Ba5+
{[%clk 0:00:40]} 37. Bb4 {[%clk 0:31:58]} Bd8 {[%clk 0:00:35]} 38. Bc5
{[%clk 0:32:21]} fxe5 {[%clk 0:00:32]} 39. dxe5 {[%clk 0:32:41]} Ba5+
{[%clk 0:00:56]} 40. Bb4 {[%clk 1:02:55]} Bb6 {[%clk 0:31:20]} 41. Kd3
{[%clk 1:02:36]} a5 {[%clk 0:10:08]} 42. Bd2 {[%clk 0:55:02]} Bc4+
{[%clk 0:09:49]} 43. Ke4 {[%clk 0:54:36]} Bd5+ {[%clk 0:09:56]} 44. Kd3
{[%clk 0:54:59]} Bc4+ {[%clk 0:10:11]} 45. Ke4 {[%clk 0:55:15]} a4
{[%clk 0:02:40]} 46. Bb4 {[%clk 0:53:02]} Bf2 {[%clk 0:02:33]} 47. Bc3
{[%clk 0:39:58]} Bc5 {[%clk 0:02:06]} 48. Bb2 {[%clk 0:40:11]} Bf2
{[%clk 0:00:46]} 49. Bc3 {[%clk 0:40:06]} Bc5 {[%clk 0:01:10]} 50. Bb2
{[%clk 0:40:22]} b4 {[%clk 0:00:34]} 51. axb4 {[%clk 0:40:25]} Bxb4
{[%clk 0:00:42]} 52. Nc2 {[%clk 0:40:00]} Bc5 {[%clk 0:00:54]} 53. Bd4
{[%clk 0:38:54]} Be7 {[%clk 0:00:36]} 54. Bb2 {[%clk 0:38:09]} Bc5
{[%clk 0:01:00]} 55. Bd4 {[%clk 0:34:46]} Bd5+ {[%clk 0:00:33]} 56. Kd3
{[%clk 0:35:10]} Be7 {[%clk 0:00:51]} 57. Ke3 {[%clk 0:34:49]} a3
{[%clk 0:00:52]} 58. Ne1 {[%clk 0:34:31]} a2 {[%clk 0:00:38]} 59. Nc2
{[%clk 0:32:41]} Bb3 {[%clk 0:00:41]} 60. Kd2 {[%clk 0:32:52]} Kf7
{[%clk 0:00:44]} 61. Bb2 {[%clk 0:32:09]} Bc5 {[%clk 0:00:45]} 62. Nd4
{[%clk 0:32:31]} Bd5 {[%clk 0:01:03]} 63. Ke3 {[%clk 0:32:35]} Ke8
{[%clk 0:01:15]} 64. f4 {[%clk 0:32:34]} Ba3 {[%clk 0:01:30]} 65. Ba1
{[%clk 0:32:13]} Bc1+ {[%clk 0:01:54]} 66. Kf2 {[%clk 0:32:23]} gxf4
{[%clk 0:02:07]} 67. Ke2 {[%clk 0:30:37]} Kf7 {[%clk 0:02:00]} 68. Nf3
{[%clk 0:30:41]} Kg6 {[%clk 0:01:52]} 69. Bc3 {[%clk 0:30:56]} Be3
{[%clk 0:01:52]} 70. Bb2 {[%clk 0:31:08]} Bc4+ {[%clk 0:01:30]} 71. Ke1
{[%clk 0:31:36]} Bd3 {[%clk 0:01:21]} 72. Bc3 {[%clk 0:32:03]} Kf7
{[%clk 0:01:10]} 73. Bb2 {[%clk 0:32:12]} Ke7 {[%clk 0:01:31]} 74. Ba1
{[%clk 0:32:31]} Kd7 {[%clk 0:01:57]} 75. Nd4 {[%clk 0:32:46]} Kc8
{[%clk 0:01:01]} 76. Kd1 {[%clk 0:32:52]} Kb7 {[%clk 0:01:14]} 77. g5
{[%clk 0:31:41]} Kc8 {[%clk 0:01:03]} 78. Ke1 {[%clk 0:22:51]} Kd7
{[%clk 0:01:21]} 79. Bb2 {[%clk 0:23:13]} Ke7 {[%clk 0:01:00]} 80. Nf3
{[%clk 0:23:08]} Kf7 {[%clk 0:01:20]} 81. Nh4 {[%clk 0:23:33]} Kg7
{[%clk 0:01:27]} 82. Ba1 {[%clk 0:23:37]} Bc5 {[%clk 0:01:23]} 83. Ng2
{[%clk 0:23:09]} f3 {[%clk 0:01:36]} 0-1

[Event "World Chess Olympiad 2018"]
[Site "Batumi"]
[Date "2018.09.25"]
[Round "2"]
[Board "3"]
[WhiteFideId "409561"]
[White "Jones Gawain C B"]
[BlackFideId "1024523"]
[Black "Beukema Stefan"]
[Result "1-0"]
[LiveChessVersion "1.4.8"]
[BlackElo "2396"]
[WhiteElo "2677"]

1. d4 {[%clk 1:30:34]} f5 {[%clk 1:30:20]} 2. Bg5 {[%clk 1:30:54]} h6
{[%clk 1:30:28]} 3. Bh4 {[%clk 1:31:17]} g5 {[%clk 1:30:45]} 4. e3
{[%clk 1:31:37]} Nf6 {[%clk 1:28:46]} 5. Bg3 {[%clk 1:32:01]} d6 {[%clk 1:23:09]}
6. Nc3 {[%clk 1:32:02]} e6 {[%clk 1:13:54]} 7. h4 {[%clk 1:29:32]} Rg8
{[%clk 1:12:52]} 8. hxg5 {[%clk 1:29:03]} hxg5 {[%clk 1:13:14]} 9. Qd2
{[%clk 1:28:50]} Qe7 {[%clk 1:09:55]} 10. O-O-O {[%clk 1:28:44]} Nc6
{[%clk 1:09:32]} 11. f3 {[%clk 1:27:46]} Bd7 {[%clk 1:07:12]} 12. e4
{[%clk 1:27:03]} f4 {[%clk 0:58:03]} 13. Bf2 {[%clk 1:26:06]} a6 {[%clk 0:57:52]}
14. Nge2 {[%clk 1:18:19]} O-O-O {[%clk 0:49:59]} 15. d5 {[%clk 1:17:26]} exd5
{[%clk 0:49:20]} 16. exd5 {[%clk 1:15:58]} Ne5 {[%clk 0:48:35]} 17. Qd4
{[%clk 1:15:22]} c5 {[%clk 0:47:56]} 18. dxc6 {[%clk 1:15:31]} Bxc6
{[%clk 0:47:30]} 19. Qa7 {[%clk 1:12:20]} g4 {[%clk 0:24:31]} 20. Bb6
{[%clk 1:08:48]} Re8 {[%clk 0:22:31]} 21. Nd4 {[%clk 1:07:32]} d5
{[%clk 0:17:21]} 22. Nxc6 {[%clk 0:56:27]} Nxc6 {[%clk 0:17:43]} 23. Qa8+
{[%clk 0:56:41]} Nb8 {[%clk 0:17:44]} 24. Bd3 {[%clk 0:55:55]} Qe6
{[%clk 0:14:06]} 25. Rhe1 {[%clk 0:54:00]} Qxe1 {[%clk 0:08:56]} 26. Bf5+
{[%clk 0:53:33]} Qe6 {[%clk 0:08:23]} 27. Bxe6+ {[%clk 0:50:21]} Rxe6
{[%clk 0:08:34]} 28. Bd4 {[%clk 0:46:40]} Nfd7 {[%clk 0:05:15]} 29. Nxd5
{[%clk 0:45:39]} gxf3 {[%clk 0:04:59]} 30. gxf3 {[%clk 0:45:55]} Rg2
{[%clk 0:04:26]} 31. a4 {[%clk 0:40:32]} Ree2 {[%clk 0:02:42]} 32. Kb1
{[%clk 0:39:07]} Rxc2 {[%clk 0:02:16]} 33. Nxf4 {[%clk 0:38:09]} Rh2
{[%clk 0:01:45]} 34. Re1 {[%clk 0:37:34]} Bd6 {[%clk 0:00:49]} 35. Re8+
{[%clk 0:37:24]} Kc7 {[%clk 0:01:10]} 36. Ne6+ {[%clk 0:37:37]} 1-0

[Event "World Chess Olympiad 2018"]
[Site "Batumi"]
[Date "2018.09.25"]
[Round "2"]
[Board "4"]
[WhiteFideId "240990"]
[White "Dardha Daniel"]
[BlackFideId "403989"]
[Black "Pert Nicholas"]
[Result "1/2-1/2"]
[LiveChessVersion "1.4.8"]
[BlackElo "2549"]
[WhiteElo "2299"]

1. e4 {[%clk 1:30:57]} c5 {[%clk 1:30:52]} 2. c3 {[%clk 1:31:15]} Nf6
{[%clk 1:30:44]} 3. e5 {[%clk 1:31:40]} Nd5 {[%clk 1:31:11]} 4. d4
{[%clk 1:32:01]} d6 {[%clk 1:30:12]} 5. Nf3 {[%clk 1:28:25]} Nc6 {[%clk 1:26:27]}
6. exd6 {[%clk 1:21:51]} Qxd6 {[%clk 1:14:51]} 7. c4 {[%clk 1:15:29]} Nf6
{[%clk 1:02:29]} 8. d5 {[%clk 1:15:52]} Ne5 {[%clk 1:02:26]} 9. Nc3
{[%clk 0:55:12]} a6 {[%clk 1:01:17]} 10. Bf4 {[%clk 0:50:52]} Nd3+
{[%clk 0:59:24]} 11. Bxd3 {[%clk 0:49:03]} Qxf4 {[%clk 0:59:48]} 12. O-O
{[%clk 0:49:03]} e6 {[%clk 0:43:06]} 13. Re1 {[%clk 0:38:27]} Be7
{[%clk 0:40:10]} 14. dxe6 {[%clk 0:37:24]} Bxe6 {[%clk 0:34:30]} 15. Nd5
{[%clk 0:37:29]} Bxd5 {[%clk 0:29:48]} 16. cxd5 {[%clk 0:37:45]} Rd8
{[%clk 0:27:46]} 17. Re5 {[%clk 0:28:36]} Rxd5 {[%clk 0:24:02]} 18. Rxd5
{[%clk 0:27:16]} Nxd5 {[%clk 0:24:30]} 19. Bxa6 {[%clk 0:26:58]} bxa6
{[%clk 0:26:33]} 20. Qxd5 {[%clk 0:27:24]} O-O {[%clk 0:26:48]} 21. Re1
{[%clk 0:25:16]} Qd6 {[%clk 0:26:18]} 22. Qxd6 {[%clk 0:25:03]} Bxd6
{[%clk 0:26:43]} 23. Nd2 {[%clk 0:19:51]} Rd8 {[%clk 0:24:58]} 24. Kf1
{[%clk 0:19:29]} Kf8 {[%clk 0:24:03]} 25. Nc4 {[%clk 0:18:33]} Be7
{[%clk 0:23:08]} 26. b3 {[%clk 0:17:33]} Bf6 {[%clk 0:23:10]} 27. Re2
{[%clk 0:17:04]} Bd4 {[%clk 0:15:58]} 28. Rd2 {[%clk 0:17:14]} Ke7
{[%clk 0:14:55]} 29. Ke2 {[%clk 0:15:55]} Ke6 {[%clk 0:14:48]} 30. Kd1
{[%clk 0:16:08]} h5 {[%clk 0:13:03]} 31. Re2+ {[%clk 0:14:46]} Kf6
{[%clk 0:11:47]} 1/2-1/2

[Event "World Chess Olympiad 2018"]
[Site "Batumi"]
[Date "2018.09.25"]
[Round "2"]
[Board "1"]
[WhiteFideId "10300163"]
[White "Al-Hajiri Bader"]
[BlackFideId "9200711"]
[Black "Alharari Mohammed Alsouri"]
[Result "1-0"]
[LiveChessVersion "1.4.8"]
[BlackElo "2038"]
[WhiteElo "2112"]

1. e4 {[%clk 1:30:52]} e5 {[%clk 1:30:48]} 2. Nf3 {[%clk 1:31:14]} Nc6
{[%clk 1:31:14]} 3. Bc4 {[%clk 1:31:31]} Bc5 {[%clk 1:31:39]} 4. O-O
{[%clk 1:31:48]} Nf6 {[%clk 1:32:04]} 5. d3 {[%clk 1:31:36]} d6 {[%clk 1:32:21]}
6. c3 Bb6 {[%clk 1:26:47]} 7. Bg5 {[%clk 1:30:42]} h6 {[%clk 1:22:55]} 8. Bh4
{[%clk 1:30:36]} Bg4 {[%clk 1:21:43]} 9. Nbd2 {[%clk 1:29:51]} a6
{[%clk 1:19:45]} 10. b4 {[%clk 1:30:01]} g5 {[%clk 1:16:15]} 11. Bg3
{[%clk 1:30:22]} Nh5 {[%clk 1:10:00]} 12. a4 {[%clk 1:24:15]} a5 {[%clk 1:02:18]}
13. Re1 {[%clk 1:14:52]} Qf6 {[%clk 0:59:18]} 14. b5 {[%clk 1:10:29]} Ne7
{[%clk 0:58:03]} 15. d4 {[%clk 1:10:36]} Nxg3 {[%clk 0:57:11]} 16. hxg3
{[%clk 1:09:00]} exd4 {[%clk 0:53:10]} 17. e5 {[%clk 1:08:11]} dxe5
{[%clk 0:52:12]} 18. Ne4 {[%clk 1:00:59]} Qg7 {[%clk 0:49:48]} 19. Qb3
{[%clk 0:54:28]} Bxf3 {[%clk 0:45:17]} 20. gxf3 {[%clk 0:54:46]} f5
{[%clk 0:44:22]} 21. Be6 {[%clk 0:52:56]} fxe4 {[%clk 0:43:36]} 22. Rxe4
{[%clk 0:53:25]} dxc3 {[%clk 0:33:54]} 23. Qxc3 {[%clk 0:40:22]} Bd4
{[%clk 0:27:01]} 24. Rxd4 {[%clk 0:40:35]} exd4 {[%clk 0:26:56]} 25. Qxc7
{[%clk 0:40:58]} Rd8 {[%clk 0:22:31]} 26. Re1 {[%clk 0:27:47]} d3
{[%clk 0:20:34]} 27. Bf5 {[%clk 0:28:10]} Rh7 {[%clk 0:15:43]} 28. Qb6
{[%clk 0:28:32]} Rd5 {[%clk 0:08:37]} 29. Be4 {[%clk 0:18:02]} d2
{[%clk 0:08:58]} 30. Rd1 {[%clk 0:18:27]} Rd7 {[%clk 0:08:23]} 31. Qxa5
{[%clk 0:17:01]} Rh8 {[%clk 0:07:28]} 32. Rxd2 {[%clk 0:16:49]} Rxd2
{[%clk 0:07:40]} 33. Qxd2 {[%clk 0:17:18]} Qa1+ {[%clk 0:06:28]} 34. Kg2
{[%clk 0:17:40]} Qxa4 {[%clk 0:06:12]} 35. Qb2 {[%clk 0:16:47]} Rf8
{[%clk 0:05:32]} 36. Bxb7 {[%clk 0:17:13]} Qa7 {[%clk 0:05:43]} 37. Be4
{[%clk 0:17:16]} Qb6 {[%clk 0:05:50]} 38. Qe5 {[%clk 0:17:39]} Kd8
{[%clk 0:04:29]} 39. Bc6 {[%clk 0:17:27]} Nxc6 {[%clk 0:03:26]} 40. Qd6+
{[%clk 0:47:45]} Ke8 {[%clk 0:33:54]} 41. Qe6+ {[%clk 0:43:05]} Kd8
{[%clk 0:33:35]} 42. Qd6+ {[%clk 0:39:38]} Ke8 {[%clk 0:34:00]} 43. Qe6+
{[%clk 0:39:59]} Kd8 {[%clk 0:34:27]} 44. Qd6+ {[%clk 0:40:22]} Kc8
{[%clk 0:33:41]} 45. Qxf8+ {[%clk 0:39:43]} Nd8 {[%clk 0:33:59]} 46. Qf5+
{[%clk 0:38:42]} Ne6 {[%clk 0:29:02]} 47. Kh3 {[%clk 0:32:15]} Qd6
{[%clk 0:24:32]} 48. Qc2+ {[%clk 0:30:45]} Nc5 {[%clk 0:22:49]} 49. Kg4
{[%clk 0:30:33]} Qd7+ {[%clk 0:17:14]} 50. Kh5 {[%clk 0:30:04]} Qh3+
{[%clk 0:13:34]} 51. Kg6 {[%clk 0:30:28]} Qe6+ {[%clk 0:13:54]} 52. Kh5
{[%clk 0:30:36]} Qh3+ {[%clk 0:14:18]} 53. Kg6 {[%clk 0:31:01]} Qe6+
{[%clk 0:14:42]} 54. Kg7 {[%clk 0:30:24]} Qd6 {[%clk 0:07:33]} 55. Qg6
{[%clk 0:28:14]} Ne6+ {[%clk 0:06:30]} 56. Kxh6 {[%clk 0:28:36]} Qe7
{[%clk 0:06:43]} 57. Qg8+ {[%clk 0:27:42]} Nd8 {[%clk 0:05:37]} 58. Kh5
{[%clk 0:27:29]} Qe2 {[%clk 0:03:20]} 59. Qxg5 {[%clk 0:25:51]} Qxf2
{[%clk 0:03:39]} 60. f4 {[%clk 0:24:24]} Qc2 {[%clk 0:01:55]} 61. f5
{[%clk 0:23:25]} Qe2+ {[%clk 0:01:54]} 62. Kg6 {[%clk 0:23:36]} Qxb5
{[%clk 0:02:00]} 63. Qe7 {[%clk 0:23:20]} Qc6+ {[%clk 0:01:44]} 64. f6
{[%clk 0:23:26]} Qf3 {[%clk 0:01:19]} 65. Qc5+ {[%clk 0:23:22]} Kd7
{[%clk 0:01:05]} 66. Qd4+ {[%clk 0:23:32]} Kc8 {[%clk 0:01:11]} 67. g4
{[%clk 0:23:17]} Qb7 {[%clk 0:00:54]} 68. Qc4+ {[%clk 0:22:59]} Kd7
{[%clk 0:00:51]} 69. f7 {[%clk 0:21:06]} Qb1+ {[%clk 0:01:02]} 70. Kg7
{[%clk 0:21:02]} Ne6+ {[%clk 0:00:51]} 71. Qxe6+ {[%clk 0:21:11]} Kxe6
{[%clk 0:01:20]} 72. f8=Q {[%clk 0:21:32]} Qb2+ {[%clk 0:00:46]} 73. Kg6
{[%clk 0:21:55]} Qg2 {[%clk 0:00:49]} 74. g5 {[%clk 0:20:42]} Qc2+
{[%clk 0:00:39]} 75. Kg7 {[%clk 0:21:04]} Qe4 {[%clk 0:00:48]} 76. Qe8+
{[%clk 0:21:13]} 1-0